000 00487nam a22001817a 4500
003 OSt
005 20140310182441.0
008 130803t xxu||||| |||| 00| 0 eng d
020 _a9789710445257
050 _aQA 276
_b.P128 2008
100 _aPagala, Renante C.
_97293
245 _aStatistics /
_cRenante C. Pagala
260 _aManila, Philippines :
_bMindshapes Co.. Inc.,
_cc2008.
300 _a357 p.
_bill. ;
_c23 cm.
541 _j1
562 _e1
942 _2lcc
_cSSLC
999 _c13525
_d13525